000 00762nam a22002417a 4500
003 UA-OsUOA
001 135738
007 ta
008 20190214b un ||||| |||| 00| 0 ukr d
100 _aСитий І.
090 _a929.6(477)"15/17"
_bС41
942 _cBK
040 _aUA-OsUOA
_bukr
_cUA-OsUOA
_dUA-OsUOA
245 _aКозацька Україна: печатки, герби, знаки та емблеми кінця XVI - XVIII століть
_bмонографія
300 _a972 с.
955 _a1
041 _aukr
080 _a929.6(477)"15/17"
020 _a978-617-569-254-7
260 _aК.
_bТемпора
_c2017
650 7 _a9 Географія. Біографії. Історія
_2UDC
999 _c417333
_d417333